[Event "Dekweneh Keshmat op"]
[Site "Dekweneh"]
[Date "2023.08.28"]
[Round "3"]
[White "Karam, Youssef Mark"]
[Black "Kazandjian, Aram"]
[Result "1-0"]
[WhiteElo "1620"]
[BlackElo "1293"]
[PlyCount "81"]
[EventDate "2023.08.26"]
[EventType "swiss"]
[EventRounds "9"]
[EventCountry "LBN"]
[SourceTitle "EXT 2024"]
[Source "ChessBase"]
[SourceDate "2023.10.10"]
[SourceVersion "1"]
[SourceVersionDate "2023.10.10"]
[SourceQuality "1"]

1. b3 c5 2. Nf3 Nc6 3. Bb2 d6 4. e3 e5 5. d4 e4 6. d5 exf3 7. dxc6 bxc6 8. Qxf3 Bb7 9. Bd3 Nf6 10. Nd2 Be7 11. 0-0-0 d5 12. g4 c4 13. bxc4 Rb8 14. g5 Ne4 15. Bxe4 dxe4 16. Nxe4 Qa5 17. Qf4 0-0 18. Nf6+ Kh8 19. Nd7 Ba3 20. Nxb8 Bxb2+ 21. Kxb2 Qb4+ 22. Kc1 Qa3+ 23. Kd2 c5 24. Rhg1 Qb2 25. Nd7 Rd8 26. Qc7 Qb4+ 27. c3 Qb2+ 28. Kd3 Rc8 29. Rb1 Be4+ 30. Kxe4 Qc2+ 31. Kf3 Qf5+ 32. Qf4 Qxd7 33. Rb8 Qh3+ 34. Rg3 Qd7 35. Rxc8+ Qxc8 36. Qxf7 a5 37. Rg4 a4 38. Rf4 Qh3+ 39. Ke2 h6 40. g6 Qh5+ 41. Ke1 1-0

[Event "Dekweneh op"]
[Site "Dekweneh"]
[Date "2023.03.03"]
[Round "7"]
[White "Nasser, Hadi"]
[Black "Karam, Youssef Mark"]
[Result "1/2-1/2"]
[WhiteElo "1468"]
[BlackElo "1604"]
[PlyCount "72"]
[EventDate "2023.02.25"]
[EventType "tourn"]
[EventRounds "9"]
[EventCountry "LBN"]
[SourceTitle "CBM 213 Extra"]
[Source "ChessBase"]
[SourceDate "2023.05.31"]
[SourceVersion "1"]
[SourceVersionDate "2023.05.31"]
[SourceQuality "1"]

1. d4 d5 2. Bf4 Nf6 3. Nc3 c5 4. e3 cxd4 5. exd4 a6 6. Nf3 Nc6 7. Ne5 e6 8. a3 Qb6 9. Nxc6 Qxc6 10. Bd3 Bd6 11. Bxd6 Qxd6 12. 0-0 0-0 13. Nb1 e5 14. dxe5 Qxe5 15. c3 Ng4 16. g3 Qh5 17. h4 g5 18. Kg2 gxh4 19. Rh1 h3+ 20. Kg1 h2+ 21. Kg2 f5 22. Qf3 Rf6 23. Re1 Qf7 24. Qf4 Qh5 25. Kh1 Bd7 26. Bf1 Qh6 27. Qd4 Bc6 28. f3 Re6 29. Rxe6 Qxe6 30. fxg4 Qe1 31. Qf4 fxg4 32. Kxh2 Rf8 33. Qxg4+ Kh8 34. Qd4+ Kg8 35. Qg4+ Kh8 36. Qd4+ Kg8 1/2-1/2

[Event "Dekweneh op"]
[Site "Dekweneh"]
[Date "2023.02.26"]
[Round "2"]
[White "Karam, Youssef Mark"]
[Black "Moghnieh, Hussein"]
[Result "1-0"]
[WhiteElo "1604"]
[BlackElo "1423"]
[PlyCount "79"]
[EventDate "2023.02.25"]
[EventType "tourn"]
[EventRounds "9"]
[EventCountry "LBN"]
[SourceTitle "CBM 213 Extra"]
[Source "ChessBase"]
[SourceDate "2023.05.31"]
[SourceVersion "1"]
[SourceVersionDate "2023.05.31"]
[SourceQuality "1"]

1. b3 Nf6 2. Bb2 d6 3. e3 g6 4. c4 Bg7 5. Nf3 Bg4 6. h3 Bxf3 7. Qxf3 c6 8. g4 0-0 9. h4 e5 10. d3 Nfd7 11. Qh3 f5 12. Nd2 fxg4 13. Qxg4 Qf6 14. Ne4 Qe7 15. Bh3 d5 16. cxd5 cxd5 17. Qe6+ Qxe6 18. Bxe6+ Kh8 19. Bxd5 Nc6 20. Ba3 Rfb8 21. h5 gxh5 22. Rxh5 Nf6 23. Nxf6 Bxf6 24. Ke2 Bg7 25. Rah1 h6 26. e4 Nd4+ 27. Kf1 a5 28. Bd6 Nc6 29. Bxb8 Rxb8 30. Bxc6 bxc6 31. Rxh6+ Kg8 32. Rg1 Rc8 33. Rhg6 Rc7 34. Ke2 Kh7 35. Rxg7+ Rxg7 36. Rxg7+ Kxg7 37. f4 exf4 38. Kf3 c5 39. Kxf4 Kf6 40. e5+ 1-0